| 000 | 00382 a2200157 4500 | ||
|---|---|---|---|
| 005 | 20250516075855.0 | ||
| 020 | _a978-0-367-42173-1 | ||
| 082 | _a658.4 | ||
| 100 | _aBABER, W,W. | ||
| 245 | _aPractical Negotiation Business. | ||
| 250 | _a2nd Ed. | ||
| 260 |
_aNew York, _bRoutledge, _c2020 |
||
| 300 |
_axvi,253p.; _bill,; _c23cm. |
||
| 700 | _aFLETCHER-CHEN, C. | ||
| 942 |
_2ddc _cBKS |
||
| 999 |
_c2349 _d2349 |
||